000 00336nam a2200109Ia 4500
008 200626s9999 xx 000 0 und d
020 _a978-971-009-485-1
100 _aChong, Grace D.
245 _cGrace D. Chong.--
_aThe secret to being in the here and now/
260 _aMetro Manila :
_bOMF Literature Inc.
_c2015
300 _a104 pages
999 _c363821
_d363821